000 00497nmm a2200169Ia 4500
008 251105s9999||||xx |||||||||||||||||und||
020 _a8488123353
041 _aspa
100 _aCalvo Hornero, Antonia
245 0 _aEconomía mundial y globalización
264 _a[Madrid, España] :
_bMinerva Ediciones,
_c2004
300 _a404 páginas
490 _aCuadernos de economía
650 _aEconomics and Business
856 _uhttps://public.digitaliapublishing.com/a/17040
942 _cCF
999 _c73873
_d73873